| 000 | 00627nam a2200193Ia 4500 | ||
|---|---|---|---|
| 008 | 090124s9999 xx 000 0 und d | ||
| 082 | _b131492 | ||
| 100 | _aआईन्स मॅक्ली ऑड | ||
| 245 | _a सेपॉय द रिव्होल्ट | ||
| 250 | _a1 | ||
| 260 | _c2003 | ||
| 300 | _a144 | ||
| 600 | _aआईन्स मॅक्ली ऑड | ||
| 630 | _a सेपॉय द रिव्होल्ट | ||
| 700 | _aआईन्स मॅक्ली ऑड | ||
| 700 | _aगोळे धनंजय | ||
| 730 | _a सेपॉय द रिव्होल्ट | ||
| 942 | _cBOOK | ||
| 999 |
_c177581 _d177581 |
||